| 000 | 00825nam a22002297a 4500 | ||
|---|---|---|---|
| 001 | 44126 | ||
| 003 | BD-RjUL | ||
| 005 | 20211209053814.0 | ||
| 008 | 160713s1991 bg ||||| |||| 00| 0 ben d | ||
| 020 | _c: TK 45.00 | ||
| 035 | _a(BD-RjUL)44244 | ||
| 040 |
_aBD-RjUL _bben _cBD-RjUL |
||
| 041 | _aben | ||
| 082 |
_223 _a297 _bKHI 1991 |
||
| 100 |
_aখান, আব্বাস আলী _9135482 |
||
| 245 | 1 | 0 |
_aইসলাম ও জাহেলিয়াতের চিরন্তন দ্বন্দ / _cআব্বাস আলী খান |
| 260 |
_aঢাকা : _bবাংলাদেশ ইসলামিক সেন্টার, _c১৯৯১ |
||
| 300 |
_a৯৬ পৃ. ; _c২৫ সেমি. |
||
| 650 |
_aIslam _9135483 |
||
| 650 |
_aইসলাম _9135484 |
||
| 942 |
_2ddc _cBK |
||
| 999 |
_c44126 _d44126 |
||